LEADER 01553nam0 22003371i 450 001 UON00499180 005 20231205105406.888 010 $a978-88-645-9083-7 100 $a20191029d2018 |0itac50 ba 101 $aita$aCZE 102 $aIT 105 $a|||| 1|||| 200 1 $aˆLa ‰primavera č arrivata$e1968-1989$eDalla primavera di Praga alla caduta del regime comunista in 15 puntate letterarie$dJaro je tady$fLudvík Vaculík$g[Traduzione con testo a fronte di Stefania Mella e Michaela ?eb?ková Vannini 210 $aTrento$cForme libere$d2018 215 $a183 p.$d21 cm. 312 $aTITOLO PARALLELO$9UON00502351 510 0$3UON00502351$aJaro je tady 606 $aPrimavera di Praga <1968>$3UONC039432$2FI 620 $aIT$dTrento$3UONL000925 676 $a891.86$cLetteratura ceca$v21 700 1$aVACULÍK$bLudvík$3UONV117496$0450345 702 1$aMELLA$bStefania$3UONV244097 702 1$aVANNINI ?EB?KOVA$bMichaela$3UONV244098 712 $aForme libere$3UONV283840$4650 801 $aIT$bSOL$c20251024$gRICA 899 $aSIBA - SISTEMA BIBLIOTECARIO DI ATENEO$2UONSI 912 $aUON00499180 950 $aSIBA - SISTEMA BIBLIOTECARIO DI ATENEO$dSI CECO B VACU 0002 $eSI 34499 7 0002 951 $aSIBA - SISTEMA BIBLIOTECARIO DI ATENEO$bSI20191108 1J 20191029 996 $aPrimavera č arrivata$91576502 997 $aUNIOR LEADER 02192nam 22006493 450 001 9910130646103321 005 20170810192229.0 010 $a88-8063-609-X 035 $a(CKB)3400000000020270 035 $a(ItFiC)it 02414744 035 $a(SSID)ssj0000576897 035 $a(PQKBManifestationID)12253199 035 $a(PQKBTitleCode)TC0000576897 035 $a(PQKBWorkID)10559575 035 $a(PQKB)10093278 035 $a(EXLCZ)993400000000020270 100 $a20101102d2008 uy 0 101 0 $aeng 181 $ctxt 182 $cc 183 $acr 200 10$aMyths and counter-myths of America $enew world allegories in 20th century Italian literature and film /$fFabio Ferrari 210 $aRavenna $cLongo$d2008 215 $a222 p. ;$d24 cm 225 0 $aIl portico. Materiali letterari Myths and counter-myths of America 225 0$aIl portico.$pSez.: Materiali letterari ;$v147 300 $aBibliographic Level Mode of Issuance: Monograph 311 $a9788880636080 320 $aIncludes bibliographical references. 517 $aMyths and Counter-Myths of America 606 $aItalian literature$xAmerican influences$y20th century$zItaly 606 $aItalian literature$xThemes, motives$y20th century 606 $aItalian literature$y20th century$xHistory and criticism 606 $aMotion pictures$xHistory 606 $aRomance Literatures$2HILCC 606 $aLanguages & Literatures$2HILCC 606 $aItalian Literature$2HILCC 607 $aAmerica$xIn literature 607 $aAmerica$xIn motion pictures 615 0$aItalian literature$xAmerican influences 615 0$aItalian literature$xThemes, motives 615 0$aItalian literature$xHistory and criticism. 615 0$aMotion pictures$xHistory. 615 7$aRomance Literatures 615 7$aLanguages & Literatures 615 7$aItalian Literature 676 $a850 676 $a791 676 $a306 676 $a973 700 $aFerrari$b Fabio$0610321 801 0$bItFiC 801 1$bItFiC 906 $aBOOK 912 $a9910130646103321 996 $aMyths and counter-myths of America$91116527 997 $aUNINA